| 000 | 00503nam a22001817a 4500 | ||
|---|---|---|---|
| 003 | CEME | ||
| 005 | 20210628201710.0 | ||
| 008 | 210201b xxu||||| |||| 00| 0 eng d | ||
| 020 | _a1-902757-48-3 | ||
| 040 | _c. | ||
| 082 | _a645 WIT | ||
| 100 |
_aWithers, Jane _956410 |
||
| 245 | _aSpace within reshaping the home for contemporary living | ||
| 260 |
_aNEW YORK _bQUADRILLE _c2000 |
||
| 300 | _a160P | ||
| 650 |
_aSPACE WITHIN RESHAPING THE HOME FOR CONTEMPORARY LIVING _956411 |
||
| 942 |
_cBK _2ddc |
||
| 999 |
_c566837 _d566837 |
||